Unofficial history / (Record no. 185723)
[ view plain ]
| 000 -LEADER | |
|---|---|
| fixed length control field | 00814 a2200193 4500 |
| 003 - CONTROL NUMBER IDENTIFIER | |
| control field | NUST |
| 005 - DATE AND TIME OF LATEST TRANSACTION | |
| control field | 20221226140302.0 |
| 010 ## - LIBRARY OF CONGRESS CONTROL NUMBER | |
| LC control number | 62018464 |
| 040 ## - CATALOGING SOURCE | |
| Transcribing agency | Nust |
| 082 ## - DEWEY DECIMAL CLASSIFICATION NUMBER | |
| Classification number | 355.02,SLI |
| 100 ## - MAIN ENTRY--PERSONAL NAME | |
| Personal name | Slim, William Joseph Slim, Viscount, |
| 9 (RLIN) | 105967 |
| 245 ## - TITLE STATEMENT | |
| Title | Unofficial history / |
| Statement of responsibility, etc. | Field-Marshal Sir William Slim |
| 260 ## - PUBLICATION, DISTRIBUTION, ETC. | |
| Place of publication, distribution, etc. | London |
| Name of publisher, distributor, etc. | Cassell |
| Date of publication, distribution, etc. | c1959 |
| 300 ## - PHYSICAL DESCRIPTION | |
| Extent | 242 p.; |
| Other physical details | illus |
| Dimensions | 24 cm |
| 505 ## - FORMATTED CONTENTS NOTE | |
| Formatted contents note | Tigris Bank (Page-1), The Incorrigible Rogue (Page-23), Elizabeth Succeeded Henry (Page-51), Aid to the Civil (Page-73), Students Interlude (Page-99), Counsel of Fears (Page-125), It Pays to Be Bold (Page-149), Persian Pattern (Page-177), Caviar to The General (Page-211). |
| 600 ## - SUBJECT ADDED ENTRY--PERSONAL NAME | |
| Personal name | Slim, William Joseph Slim, Viscount, |
| 9 (RLIN) | 105967 |
| 650 ## - SUBJECT ADDED ENTRY--TOPICAL TERM | |
| Topical term or geographic name entry element | Unofficial history |
| 9 (RLIN) | 105968 |
| 942 ## - ADDED ENTRY ELEMENTS (KOHA) | |
| Source of classification or shelving scheme | |
| Koha item type | Book |
| Call number prefix | 355.02,SLI |
| Withdrawn status | Lost status | Source of classification or shelving scheme | Damaged status | Not for loan | Permanent Location | Current Location | Shelving location | Date acquired | Full call number | Barcode | Date last seen | Price effective from | Koha item type | Public note |
|---|---|---|---|---|---|---|---|---|---|---|---|---|---|---|
| Military College of Signals (MCS) | Military College of Signals (MCS) | General Stacks | 12/12/2016 | 355.02,SLI | MCS21756 | 12/08/2016 | 12/12/2016 | Book | Almirah No.52, Shelf No.3 | |||||
| Military College of Signals (MCS) | Military College of Signals (MCS) | General Stacks | 12/12/2016 | 355.02,SLI | MCS21757 | 12/08/2016 | 12/12/2016 | Book | Almirah No.52, Shelf No.3 | |||||
| Military College of Signals (MCS) | Military College of Signals (MCS) | General Stacks | 12/12/2016 | 355.02,SLI | MCS21760 | 12/08/2016 | 12/12/2016 | Book | Almirah No.52, Shelf No.3 | |||||
| Military College of Signals (MCS) | Military College of Signals (MCS) | General Stacks | 12/12/2016 | 355.02,SLI | MCS21761 | 12/08/2016 | 12/12/2016 | Book | Almirah No.73, Shelf No.8 |
